| 000 | 00390nam a2200145 a 4500 | ||
|---|---|---|---|
| 001 | 000029497 | ||
| 005 | 20200930055607.0 | ||
| 008 | 110418s19uu dr ac 000 0 spa d | ||
| 040 |
_aDO-SdBNP _bspa _cBNPHU |
||
| 082 |
_axxx _bD441 |
||
| 245 | 0 | 0 | _aDesarrollo 69. |
| 260 |
_aSanto Domingo : _bOficina de Desarrollo de la Comunidad, _c[19--?]. |
||
| 300 |
_a[22 p.] ; _c23 cm. |
||
| 049 | _aBNPD | ||
| 999 |
_c28989 _d28989 |
||